000 00676nam a2200193Ia 4500
003 GCL
008 140319s9999 xx 000 0 ara d
040 _aGCL /
_cGCL
082 0 4 _aق
_b320.962
_bم م
100 1 _aمحمد على علوبة باشا
245 1 0 _aمبادىء فى السياسة المصرية /
_cمحمد على علوبة باشا
260 _aالقاهرة :
_bالهيئة المصرية العامة للكتاب ،
_c1942
300 _a318 ص
650 0 4 _aالتعليم
650 0 4 _aالاحوال السياسية
650 0 4 _aالدستور
650 0 4 _aمصر - تاريخ - العصر الحديث (1805 - 1956 )
942 _2ddc
_cBK
999 _c45693
_d45693